[Event "AUTO-INT-2788"]
[Site "http://www.queenalice.com/game.php?id=1245553"]
[Date "2014.1.5"]
[Round "1"]
[White "zemaria"]
[Black "yugioh1"]
[Result "0-1"]
[WhiteElo "1612"]
[BlackElo "1316"]

1. e4 e5 2. d4 exd4 3. Qxd4 Nc6 4. Qd1 Bc5 5. Bd3 h6 6. c3 Qh4 7. Qe2 Ne5 8. Bc2
d6 9. Nf3 Nxf3+ 10. Qxf3 Nf6 0-1

[Event "AUTO-INT-2788"]
[Site "http://www.queenalice.com/game.php?id=1245565"]
[Date "2014.1.5"]
[Round "1"]
[White "sockmonster"]
[Black "yugioh1"]
[Result "1-0"]
[WhiteElo "1338"]
[BlackElo "1351"]

1. d4 Nf6 2. c4 d5 3. cxd5 Nxd5 4. e4 Nf6 5. Nc3 e6 6. Nf3 Nc6 7. Bg5 h6 8. Bh4
g5 9. Bg3 Bb4 10. Qc2 Nxd4 11. Nxd4 Qxd4 12. Bxc7 Nxe4 13. Bb5+ Kf8 14. O-O Nxc3
15. bxc3 Bxc3 16. Rad1 1-0

[Event "AUTO-INT-2788"]
[Site "http://www.queenalice.com/game.php?id=1245566"]
[Date "2014.1.5"]
[Round "1"]
[White "yugioh1"]
[Black "sockmonster"]
[Result "0-1"]
[WhiteElo "1334"]
[BlackElo "1355"]

1. d4 d5 2. c4 e6 3. Nc3 Nf6 4. cxd5 exd5 5. Bg5 Nc6 6. Nf3 Be7 7. e3 Bg4 8. Bd3
O-O 9. O-O h6 10. Bxf6 Bxf6 11. h3 Bxf3 12. Qxf3 Re8 13. Nxd5 Rc8 14. Qf5 Kf8
0-1

[Event "AUTO-OPEN-3158"]
[Site "http://www.queenalice.com/game.php?id=1245841"]
[Date "2014.1.6"]
[Round "1"]
[White "artur59"]
[Black "yugioh1"]
[Result "1-0"]
[WhiteElo "2474"]
[BlackElo "1394"]

1. e4 e5 2. Nf3 Nc6 3. Bb5 Bc5 4. O-O d6 5. c3 Nf6 6. d4 exd4 7. cxd4 Bb6 8. d5
a6 9. Ba4 Bd7 10. dxc6 Bxc6 11. Bxc6+ bxc6 12. Bg5 O-O 13. Nc3 h6 14. Bxf6 Qxf6
15. Qa4 Rfe8 16. Qxc6 Qg6 17. Nd5 Rac8 18. Rac1 Qxe4 19. Rfe1 Qh4 20. Nxh4 Rxe1+
21. Rxe1 Rb8 22. Re8+ Rxe8 23. Qxe8+ Kh7 24. Nf6+ gxf6 25. Qxf7+ Kh8 26. Ng6#
1-0

[Event "AUTO-OPEN-3158"]
[Site "http://www.queenalice.com/game.php?id=1245842"]
[Date "2014.1.6"]
[Round "1"]
[White "yugioh1"]
[Black "artur59"]
[Result "0-1"]
[WhiteElo "1386"]
[BlackElo "2478"]

1. d4 Nf6 2. c4 g6 3. Nc3 Bg7 4. Bg5 O-O 5. e4 d6 6. Nf3 h6 7. Bxf6 Bxf6 8. Qd2
Bg7 9. Bd3 Bg4 10. d5 Bxf3 11. gxf3 e5 12. dxe6 fxe6 13. O-O-O Be5 14. Qxh6 Bf4+
15. Qxf4 Rxf4 16. Rhg1 Nc6 17. Rxg6+ Kf7 18. Rdg1 Qh8 19. Rg7+ Qxg7 20. Rxg7+
Kxg7 21. Nb5 Rxf3 22. Nxc7 Rc8 23. Nxe6+ Kf6 24. Be2 Rxf2 25. Kd2 Kxe6 0-1

[Event "AUTO-OPEN-3158"]
[Site "http://www.queenalice.com/game.php?id=1245861"]
[Date "2014.1.6"]
[Round "1"]
[White "kokokinel"]
[Black "yugioh1"]
[Result "1-0"]
[WhiteElo "2038"]
[BlackElo "1396"]

1. d4 Nf6 2. c4 e6 3. Nc3 Bb4 4. f3 d5 5. a3 Bxc3+ 6. bxc3 c6 7. e3 Nbd7 8. Bd3
O-O 9. Ne2 Qa5 10. O-O Nb6 11. cxd5 cxd5 12. e4 dxe4 13. fxe4 Qh5 14. Qe1 Ng4
15. h3 Nf6 16. Ng3 Qg6 17. Rf3 e5 18. dxe5 Nfd7 19. Nf5 Nxe5 20. Ne7+ Kh8 21.
Nxg6+ Nxg6 22. Qf2 Ne5 23. Rg3 Nxd3 24. Rxd3 Be6 25. Be3 Rfd8 26. Rxd8+ Rxd8 27.
Bxb6 Rd6 28. Qc5 Rxb6 29. Qf8# 1-0

[Event "AUTO-OPEN-3158"]
[Site "http://www.queenalice.com/game.php?id=1245862"]
[Date "2014.1.6"]
[Round "1"]
[White "yugioh1"]
[Black "kokokinel"]
[Result "0-1"]
[WhiteElo "1388"]
[BlackElo "1996"]

1. d4 d5 2. c4 e6 3. Nc3 Bb4 4. e3 Nf6 5. cxd5 Nxd5 6. Bd2 O-O 7. Nxd5 Bxd2+ 8.
Qxd2 exd5 9. Bd3 Be6 10. Nf3 Nd7 11. O-O c6 12. Bc2 f5 13. Rfe1 Nf6 14. h3 Ne4
15. Bxe4 fxe4 16. Ne5 Qg5 17. Qb4 Bxh3 18. g3 Bc8 19. Qd6 Qf6 20. Rf1 Qxd6 21.
Kg2 Rf6 22. Rh1 Rh6 23. Rxh6 gxh6 24. Rh1 Bf5 25. Rh5 Qe6 26. f3 exf3+ 27. Kxf3
Rf8 28. g4 Bxg4+ 29. Kg3 Bxh5 0-1

[Event "AUTO-OPEN-3158"]
[Site "http://www.queenalice.com/game.php?id=1245871"]
[Date "2014.1.6"]
[Round "1"]
[White "dbwright308"]
[Black "yugioh1"]
[Result "1-0"]
[WhiteElo "1670"]
[BlackElo "1311"]

1. e4 e5 2. d4 exd4 3. Qxd4 Nc6 4. Qe3 d6 5. Nf3 Nf6 6. Bb5 Bg4 7. Bxc6+ bxc6 8.
e5 dxe5 9. Nbd2 Bd6 10. Nxe5 Bxe5 11. Qxe5+ Qe7 12. Qxe7+ Kxe7 13. O-O Rhe8 14.
f3 Be6 15. Re1 Kf8 16. b3 Bf5 17. Ba3+ Kg8 18. c4 Rxe1+ 19. Rxe1 Rd8 20. Ne4
Nxe4 21. fxe4 Be6 22. Bb2 Rd2 23. Be5 Rxa2 24. Bxc7 Rb2 25. Ra1 1-0

[Event "AUTO-OPEN-3158"]
[Site "http://www.queenalice.com/game.php?id=1245872"]
[Date "2014.1.6"]
[Round "1"]
[White "yugioh1"]
[Black "dbwright308"]
[Result "0-1"]
[WhiteElo "1309"]
[BlackElo "1672"]

1. d4 d5 2. c4 c6 3. cxd5 cxd5 4. Nc3 Nc6 5. e3 Nb4 6. Qa4+ Bd7 7. Qxb4 Bc6 8.
Bb5 a6 9. Bxc6+ bxc6 10. Nf3 e5 11. Qa4 e4 12. Ne5 Ne7 13. Nxc6 Nxc6 14. Qxc6+
Ke7 15. Nxd5+ Qxd5 16. Qxd5 Rd8 17. Qb7+ Ke8 18. Qc6+ Rd7 19. O-O Be7 20. f3 h5
21. fxe4 Rh6 22. Qa4 g5 23. Qc4 Bd8 24. Qa4 Ke7 0-1

[Event "AUTO-INT-2805"]
[Site "http://www.queenalice.com/game.php?id=1255648"]
[Date "2014.2.11"]
[Round "1"]
[White "Guilhermerocha"]
[Black "yugioh1"]
[Result "1-0"]
[WhiteElo "1753"]
[BlackElo "1384"]

1. c4 d5 2. Nc3 e6 3. Qa4+ c6 4. cxd5 exd5 5. g3 Bf5 6. Qb3 Nf6 7. Qxb7 Nbd7 8.
Qxc6 Bc5 9. Nxd5 Nxd5 10. Qxd5 Qf6 11. Qxa8+ 1-0

[Event "AUTO-INT-2805"]
[Site "http://www.queenalice.com/game.php?id=1255649"]
[Date "2014.2.11"]
[Round "1"]
[White "yugioh1"]
[Black "Guilhermerocha"]
[Result "0-1"]
[WhiteElo "1382"]
[BlackElo "1755"]

1. d4 c5 2. c3 Qa5 3. e3 Nc6 4. Nf3 g6 5. Bc4 Nf6 6. Ng5 d5 7. Bd3 cxd4 8. exd4
Bg7 9. O-O O-O 10. Re1 Re8 0-1